| 000 | 00827nam a2200265Ia 4500 | ||
|---|---|---|---|
| 001 | Z_5513 | ||
| 003 | CHAP | ||
| 008 | 220113s1996 xx 000 0 und d | ||
| 010 | _a168601 | ||
| 040 | _cCHAP | ||
| 090 | _aTesis I 1116 | ||
| 100 |
_aIyescas Morales, Ramón _960736 |
||
| 245 |
_aViabilidad del semen de conejo utilizando dos métodos de conservación para programas de inseminación artificial / _cpor Ramón Iyescas Morales y Arturo Sánchez Espinosa |
||
| 260 |
_aChapingo, Méx. : _bEl autor, _c1996 |
||
| 300 | _a59 h. | ||
| 502 | _aTesis (Ing,. Agr. Esp. en Zootecnia) -- UACH. Departamento de Zootecnia | ||
| 650 |
_aSemen _xConejos _9103856 |
||
| 700 |
_aSánchez Espinosa, Arturo _9107495 |
||
| 901 | _aTESIS I 1116 | ||
| 902 | _aA | ||
| 910 | _a1996 | ||
| 942 | _c2 | ||
| 942 | _c2 | ||
| 999 |
_c168601 _d168601 |
||